Micrornas: from basic science to disease biology (Record no. 10322)

MARC details
000 -LEADER
fixed length control field 00327nam a2200121Ia 4500
008 - FIXED-LENGTH DATA ELEMENTS--GENERAL INFORMATION
fixed length control field 191130s9999##################000#0#eng##
020 ## - INTERNATIONAL STANDARD BOOK NUMBER
ISBN 9780521118552
082 ## - DEWEY DECIMAL CLASSIFICATION NUMBER
Classification number 572.88
Item number APP
245 ## - TITLE STATEMENT
Title Micrornas: from basic science to disease biology
260 ## - PUBLICATION, DISTRIBUTION, ETC. (IMPRINT)
Name of publisher [publisher not identified]
942 ## - ADDED ENTRY ELEMENTS (KOHA)
Koha item type English Books
Holdings
Withdrawn status Lost status Damaged status Not for loan Home library Current library Shelving location Date acquired Full call number Accession Number Price effective from Koha item type
        Anna Centenary Library Anna Centenary Library 5TH FLOOR, A WING 09.10.2020 572.88 APP 233086 09.10.2020 English Books

Find us on the map